Cómo ser un estoico : utilizar la filosofía antigua para vivir una vida moderna /

Guardat en:
Dades bibliogràfiques
Autor principal: Pigliucci, Massimo (autor)
Format: Llibre
Idioma:espanyol
Publicat: México : Ariel, 2025, c2025
Matèries:
Etiquetes: Afegir etiqueta
Sense etiquetes, Sigues el primer a etiquetar aquest registre!

MARC

LEADER 00000nam^a2200000^a^4500
001 000627629
005 20260211000000.0
009 20260310134058.362
020 |a 978-607-569-457-3 
037 |a Acervo ITESO - Biblioteca 
041 |a ESP 
082 |a 188.  |b PIG 
100 |a Pigliucci, Massimo  |e (autor) 
245 1 0 |a Cómo ser un estoico :  |b utilizar la filosofía antigua para vivir una vida moderna /  |c M. Pigliucci ; tr. por Francisco García Lorenzana. 
264 4 |a México :  |b Ariel,  |c 2025, c2025 
300 |a 255 p. 
336 |a texto  |b txt  |2 rdacontenido 
337 |a sin mediación  |b n  |2 rdamedio 
338 |a volumen  |b nc  |2 rdasoporte 
500 |a Traducción de: How to Be a Stoic: Using Ancient Philosophy to Live a Modern Life 
521 |a FIL 2025 DIA 
649 |a XX 
650 |a Actos Humanos 
650 |a Felicidad 
650 |a Bien y Mal 
650 |a Estoicismo -  |x Historia y Crítica -  |x Tema Principal 
650 |a Etica -  |x Historia y Crítica 
650 |a Filosofía Helenística -  |x Historia y Crítica 
650 |a Filosofía Clásica -  |x Historia y Crítica 
650 |a Filosofía -  |x Historia y Crítica 
910 |a Fondo General 
920 |a Impresos - Libros 
930 |a Colección General 
905 |a 101 
901 |a 627999-10  |b IT1  |c ACC  |d EN  |i C191838  |u 20260211 
902 |a https://opac.biblio.iteso.mx/vufind/Record/000627629